[Event "AUTO-OPEN-205"]
[Site "http://www.queenalice.com/game.php?id=47719"]
[Date "2006.1.13"]
[Round "1"]
[White "FabricioMarchi"]
[Black "Dougsnowball"]
[Result "1-0"]
[WhiteElo "1719"]
[BlackElo "1064"]

1. e4 e5 2. Nf3 d6 3. Bc4 Bd7 4. d3 f6 5. h3 Ne7 6. d4 g6 7. dxe5 dxe5 8. Nc3 g5
9. Nd2 c6 10. Qf3 Bg7 11. Na4 b5 12. Bxb5 cxb5 13. Nc5 Nbc6 14. c4 bxc4 15. Nxc4
O-O 16. Be3 h6 17. Rd1 Rb8 18. Nxd7 Nb4 19. Nxf6+ Rxf6 20. Rxd8+ Rxd8 21. Qe2
Nec6 22. O-O Nxa2 23. Ra1 Nab4 24. Bc5 Rb8 25. Qd2 Bf8 26. Bxf8 Rbxf8 27. f3 Rd8
28. Qc3 Rd3 29. Qc1 Nd4 30. Qf1 Kg7 31. Rxa7+ Kg8 32. Nxe5 Rb3 33. Qc4+ Re6 34.
Qc8+ Re8 35. Qxe8# 1-0

[Event "AUTO-OPEN-205"]
[Site "http://www.queenalice.com/game.php?id=47720"]
[Date "2006.1.13"]
[Round "1"]
[White "Dougsnowball"]
[Black "FabricioMarchi"]
[Result "0-1"]
[WhiteElo "1064"]
[BlackElo "1600"]

1. e4 e5 2. d4 exd4 3. Qxd4 Nc6 4. Qd3 Ne5 5. Qb3 Nf6 6. f4 Nc6 7. e5 Ne4 8. Bd3
Qh4+ 9. Kd1 Nf2+ 10. Ke2 Nd4+ 0-1

[Event "AUTO-OPEN-205"]
[Site "http://www.queenalice.com/game.php?id=47741"]
[Date "2006.1.13"]
[Round "1"]
[White "Dougsnowball"]
[Black "cd_dasilva"]
[Result "0-1"]
[WhiteElo "1064"]
[BlackElo "1565"]

1. e4 b6 2. Qf3 Nc6 3. Bb5 Bb7 4. c3 Nf6 5. a4 Ne5 6. Qe2 Bxe4 7. Na3 Bxg2 8.
Qxe5 Bxh1 9. f3 a6 10. Ne2 axb5 11. Qg3 Rxa4 12. d4 b4 13. cxb4 Rxb4 14. Nc2 Rb5
15. Nc3 Rf5 16. f4 e6 17. Nb5 Rxb5 18. Ra3 Bxa3 19. Nxa3 Rd5 20. Qg1 Rxd4 21.
Qxd4 O-O 22. Nb5 c6 23. Nd6 Qa8 24. b4 Qa6 25. f5 Bf3 26. Nc4 c5 27. bxc5 bxc5
28. Bg5 cxd4 29. Ne5 Qe2# 0-1

[Event "AUTO-OPEN-205"]
[Site "http://www.queenalice.com/game.php?id=47742"]
[Date "2006.1.13"]
[Round "1"]
[White "cd_dasilva"]
[Black "Dougsnowball"]
[Result "1-0"]
[WhiteElo "1565"]
[BlackElo "1064"]

1. e4 e5 2. Bd3 d6 3. Nf3 Bg4 4. h3 Bxf3 5. gxf3 Nc6 6. b3 Be7 7. Bb2 Bh4 8. Rg1
g6 9. f4 exf4 10. Bxh8 f6 11. Rg4 g5 12. Rxh4 gxh4 13. Qh5+ Kd7 14. Qxh7+ Nge7
15. Bxf6 Qg8 16. Qxh4 Rf8 17. Bb5 a6 18. Bxc6+ bxc6 19. Bxe7 Qg1+ 20. Ke2 Re8
21. Qg4+ Qxg4+ 22. hxg4 Rxe7 23. Nc3 d5 24. d3 dxe4 25. dxe4 Kd6 26. Rd1+ Ke5
27. f3 Re6 28. Rd7 Rh6 29. Rxc7 Kd4 30. Na4 Rh2+ 31. Kd1 Ke3 32. Kc1 Rh1+ 33.
Kb2 Kxf3 34. e5 Kxg4 35. e6 Rg1 36. Rg7+ Kf3 37. Rxg1 1-0

[Event "AUTO-OPEN-205"]
[Site "http://www.queenalice.com/game.php?id=47743"]
[Date "2006.1.13"]
[Round "1"]
[White "Dougsnowball"]
[Black "DenisDiaz"]
[Result "0-1"]
[WhiteElo "1064"]
[BlackElo "1689"]

1. e4 e5 2. d3 Nf6 3. f3 Be7 4. c4 Nc6 5. Bd2 O-O 6. Nh3 Nd4 7. Bc3 c5 8. Bxd4
cxd4 9. Nd2 a6 10. Be2 b5 11. cxb5 axb5 12. b3 Bb4 13. Qc1 Bb7 14. a3 Bc3 15.
O-O Bxa1 16. Qxa1 Qa5 17. Rd1 Qxa3 18. Qb1 d5 19. exd5 Nxd5 20. Nf2 Nc3 21. Qc1
Nxd1 22. Qxd1 Rfc8 23. Nb1 Qc1 24. h3 Ra1 25. Kh2 Rxb1 26. g4 Qf4+ 27. Kg2 Rxd1
28. Bxd1 f5 29. Be2 fxg4 30. Nxg4 Rf8 31. Nh2 Rf6 32. Ng4 Bxf3+ 33. Bxf3 Qxf3+
34. Kh2 Qe2+ 35. Kg3 Rf3+ 36. Kh4 Qxd3 0-1

[Event "AUTO-OPEN-205"]
[Site "http://www.queenalice.com/game.php?id=47744"]
[Date "2006.1.13"]
[Round "1"]
[White "DenisDiaz"]
[Black "Dougsnowball"]
[Result "1-0"]
[WhiteElo "1660"]
[BlackElo "1064"]

1. e4 e5 2. Nf3 d6 3. d4 exd4 4. Nxd4 c5 5. Nf3 f5 6. Nc3 fxe4 7. Nxe4 Bf5 8.
Bb5+ Nd7 9. O-O Bxe4 10. Re1 d5 11. Qxd5 Nf6 12. Rxe4+ Be7 13. Bxd7+ Qxd7 14.
Qxd7+ Nxd7 15. Bg5 Nf6 16. Bxf6 gxf6 17. Rae1 O-O 18. Rxe7 b6 19. Rd7 Rf7 20.
Ree7 Rxe7 21. Rxe7 a5 22. Rb7 Rd8 23. g3 Rd1+ 24. Kg2 Rd6 25. a4 f5 26. h4 h6
27. h5 Kf8 28. Nh4 c4 29. Nxf5 Rf6 30. Ne3 Ke8 31. Nxc4 Rc6 32. b3 Rc5 33. g4 b5
34. Rxb5 1-0

[Event "Let's Play Chess!"]
[Site "http://www.queenalice.com/game.php?id=48427"]
[Date "2006.1.18"]
[Round "-"]
[White "Dougsnowball"]
[Black "roq04"]
[Result "0-1"]
[WhiteElo "1064"]
[BlackElo "1634"]

1. d4 Nf6 2. f3 d5 3. e3 Nc6 4. Bb5 e6 5. Bxc6+ bxc6 6. Ne2 c5 7. dxc5 Bxc5 8.
Qd3 c6 9. c3 O-O 10. O-O a5 11. a4 Ba6 12. Qd2 Bb6 13. h3 Qd6 14. Re1 Bc7 15.
Nf4 Nh5 16. Qf2 g5 17. g3 gxf4 18. exf4 Kh8 19. Be3 f6 20. b3 Rg8 21. Bd4 Rxg3+
22. Kh2 Qxf4 23. Nd2 Rg2+ 0-1

[Event "Let's Play Chess!"]
[Site "http://www.queenalice.com/game.php?id=48428"]
[Date "2006.1.18"]
[Round "-"]
[White "Dougsnowball"]
[Black "sripradeep"]
[Result "0-1"]
[WhiteElo "1025"]
[BlackElo "1500"]

1. e4 c5 2. c4 Nc6 3. d3 e6 4. f4 d5 5. Nf3 dxe4 6. Bd2 exf3 7. Qxf3 Nd4 8. Qd1
Bd6 9. Bc3 Bxf4 10. Bxd4 Qxd4 11. Nc3 e5 12. g3 Bg5 13. Qa4+ Bd7 14. Qc2 Nf6 15.
Ne2 Qe3 16. Bg2 O-O-O 17. Rd1 Bf5 18. Qb3 Rd7 19. a4 Bxd3 20. Bf1 Ne4 21. h4
Qf2# 0-1

[Event "Challenge"]
[Site "http://www.queenalice.com/game.php?id=50975"]
[Date "2006.2.4"]
[Round "-"]
[White "Dougsnowball"]
[Black "caiohps"]
[Result "1-0"]
[WhiteElo "1062"]
[BlackElo "1130"]

1. e4 e5 2. d3 Nf6 3. c4 Bb4+ 4. Bd2 c5 5. a3 Bxd2+ 6. Nxd2 Qa5 7. h3 h5 8. Nf3
Nc6 9. Ng5 d6 10. Be2 h4 11. O-O Rh6 12. Ndf3 b6 13. Qb3 a6 14. Qc3 Ng8 15. b4
cxb4 16. axb4 Qxb4 17. Qa3 a5 18. Rfb1 Qc5 19. Qb3 f6 20. Qxb6 Qxb6 21. Rxb6 Ra6
22. Rb5 fxg5 23. Nd2 a4 24. Bd1 Ra7 25. Bxa4 Nd4 26. Ra5+ Rd7 27. Bxd7+ Bxd7 28.
Ra8+ Ke7 29. f3 Ne2+ 30. Kf2 Ng3 31. Rb8 Nf6 32. Nb3 Nh1+ 33. Rxh1 Ba4 34. Na5
g6 35. Rhb1 Bc2 36. R1b7+ Nd7 37. Rc8 Rh7 38. Nc6+ Kf7 39. Rxd7+ Ke6 40. Rxh7
Ba4 41. Re7+ Kf6 42. Rf8# 1-0

[Event "Challenge"]
[Site "http://www.queenalice.com/game.php?id=53064"]
[Date "2006.2.14"]
[Round "-"]
[White "Wifeykaz"]
[Black "Dougsnowball"]
[Result "0-1"]
[WhiteElo "1181"]
[BlackElo "1106"]

1. e4 e5 2. Ne2 d6 3. Ng3 g6 4. Bb5+ c6 5. Bc4 b5 6. Bb3 Be6 7. Nc3 Qf6 8. f3
Be7 9. d3 Nd7 10. a4 b4 11. Nce2 c5 12. Bh6 Nxh6 13. a5 a6 14. O-O Bxb3 15. cxb3
O-O 16. h3 Nb8 17. Qd2 Nc6 18. Qxh6 Nd4 19. Nc1 Nc2 20. Rb1 Nd4 21. Nce2 Nxe2+
22. Kf2 Nf4 23. Rbd1 Qg7 24. Qxf4 h5 25. d4 exf4 26. Ne2 Bf6 27. dxc5 dxc5 28.
Rh1 Bxb2 29. Nxf4 Bd4+ 30. Kf1 Qe5 31. g3 Be3 32. g4 Qxf4 33. Rg1 Qxf3+ 34. Ke1
Qf2# 0-1

[Event "Let's Play Chess!"]
[Site "http://www.queenalice.com/game.php?id=63210"]
[Date "2006.4.14"]
[Round "-"]
[White "Dougsnowball"]
[Black "sissov"]
[Result "0-1"]
[WhiteElo "1125"]
[BlackElo "1569"]

1. e4 Nf6 2. f3 e5 3. d4 Bd6 4. d5 O-O 5. c4 c6 6. Be3 c5 7. Nc3 a6 8. a4 b6 9.
g3 a5 10. h4 Ba6 0-1

[Event "Let's Play Chess!"]
[Site "http://www.queenalice.com/game.php?id=65684"]
[Date "2006.4.27"]
[Round "-"]
[White "Dougsnowball"]
[Black "mcsouza"]
[Result "0-1"]
[WhiteElo "1125"]
[BlackElo "1519"]

1. e4 Nf6 2. f3 d5 3. e5 Ng8 4. d4 e6 5. Nc3 a5 6. a4 Qh4+ 7. g3 Qh5 8. Be2 Bb4
9. f4 Qf5 10. Bd3 Qg6 0-1

[Event "Let's Play Chess!"]
[Site "http://www.queenalice.com/game.php?id=65685"]
[Date "2006.4.27"]
[Round "-"]
[White "Dougsnowball"]
[Black "hellboy11"]
[Result "1-0"]
[WhiteElo "1125"]
[BlackElo "1475"]

1. c4 e6 2. d4 b6 3. g4 Bb7 4. f3 Qh4+ 5. Kd2 Nf6 6. h3 Bb4+ 7. Nc3 Qg5+ 8. e3
Qh4 9. a3 Qf2+ 10. Be2 Qg2 11. axb4 Qxh1 12. Qf1 Nc6 13. Qf2 Nxb4 14. Bf1 c5 15.
dxc5 1-0

[Event "Challenge"]
[Site "http://www.queenalice.com/game.php?id=66988"]
[Date "2006.5.5"]
[Round "-"]
[White "Dougsnowball"]
[Black "BuzzKiller"]
[Result "0-1"]
[WhiteElo "1192"]
[BlackElo "1240"]

1. e4 d5 2. e5 d4 3. f4 Bf5 4. d3 Nc6 5. Nf3 Bg4 6. Nbd2 f6 7. h3 Bxf3 8. Qxf3
fxe5 9. fxe5 e6 10. Qg3 Nb4 11. Kd1 Qd5 12. a3 Nc6 13. Be2 Qxe5 14. Qf3 O-O-O
15. b4 a6 16. Bb2 Nh6 17. Qe4 Nf5 18. Nf3 Ng3 19. Nxe5 Nxe4 20. dxe4 Nxe5 21.
Ke1 Be7 22. Rd1 Bh4+ 23. Kf1 Rhf8+ 24. Kg1 Rf2 25. Re1 Nc6 26. Bg4 Kd7 27. Rd1
Ke7 28. Bc1 Rxc2 29. Bf4 e5 30. Bd2 Na7 31. Be1 Bxe1 32. Rxe1 d3 33. Kh2 d2 34.
Rd1 Nc6 35. Rhf1 Nd4 36. Bh5 g6 37. Bg4 Nb5 38. a4 Nc3 39. Ra1 Nxe4 40. a5 Nc3
41. Bf3 e4 42. Bg4 h5 43. Bd1 Rc1 44. Bb3 Rxa1 45. Rxa1 e3 46. Kg3 e2 47. Kf2
d1=Q 48. Bxd1 Rxd1 0-1

[Event "Challenge"]
[Site "http://www.queenalice.com/game.php?id=68367"]
[Date "2006.5.11"]
[Round "-"]
[White "peace"]
[Black "Dougsnowball"]
[Result "1-0"]
[WhiteElo "1198"]
[BlackElo "1155"]

1. e4 d5 2. d3 d4 3. Ne2 e5 4. b3 b5 5. c4 dxc3 6. Nbxc3 c6 7. g3 g5 8. d4 exd4
9. Nxd4 Bb7 10. Bb2 Bc5 11. Nf5 Qf6 12. Bh3 Ne7 13. Rb1 Bc8 14. Nxb5 Qg6 15.
Nc7+ Kf8 16. Qd8# 1-0

[Event "Challenge"]
[Site "http://www.queenalice.com/game.php?id=68678"]
[Date "2006.5.12"]
[Round "-"]
[White "Dougsnowball"]
[Black "knightsdefence"]
[Result "1-0"]
[WhiteElo "1155"]
[BlackElo "997"]

1. e4 e5 2. d3 c6 3. c4 b5 4. c5 Bxc5 5. Be3 Bxe3 6. fxe3 Nf6 7. b4 O-O 8. Nc3
Qe7 9. a3 Bb7 10. h3 h6 11. g4 a5 12. bxa5 1-0

[Event "Let's Play Chess!"]
[Site "http://www.queenalice.com/game.php?id=75389"]
[Date "2006.6.9"]
[Round "-"]
[White "Dougsnowball"]
[Black "Lapicida"]
[Result "1-0"]
[WhiteElo "1165"]
[BlackElo "1430"]

1. Nf3 g6 2. e4 Bg7 3. c3 Nf6 4. d3 O-O 5. Ng5 Nc6 6. Qf3 d5 7. Nd2 b6 8. d4 e5
9. Bd3 Bb7 10. Bb5 exd4 11. Nb3 dxe4 12. Qf4 Qe7 13. cxd4 Nb4 14. Qd2 Rad8 15.
a3 Na6 16. Bxa6 Bxa6 17. Qf4 Nh5 18. Qe3 Rfe8 19. Bd2 Qf6 20. g4 h6 21. gxh5
Qxg5 22. Qxg5 hxg5 23. Bxg5 Rd5 24. Bf4 Re7 25. Be3 Kh7 26. Rc1 Bh6 27. Rc3 g5
28. Rg1 f6 29. h3 Rg7 30. Nd2 f5 31. Nf1 g4 32. Rc6 Bxe3 33. Nxe3 Bb5 34. Rg6
Rxd4 35. Nxf5 Rxg6 36. hxg6+ Kxg6 37. Nxd4 Bd7 38. hxg4 c5 39. Ne2 Kg5 40. Ng3
Kf4 41. g5 Bf5 42. Nxf5 1-0

[Event "Let's Play Chess!"]
[Site "http://www.queenalice.com/game.php?id=83995"]
[Date "2006.7.8"]
[Round "-"]
[White "Dougsnowball"]
[Black "Girb"]
[Result "0-1"]
[WhiteElo "1192"]
[BlackElo "1727"]

1. e4 c6 2. d4 d5 3. e5 f6 4. exf6 exf6 5. Be2 Bb4+ 6. c3 Bd6 7. Nf3 Ne7 8. Nbd2
c5 9. dxc5 Bxc5 10. b4 Bxf2+ 11. Kxf2 Nf5 12. g4 Qb6+ 13. Ke1 Ne3 14. Qb3 Bxg4
15. Nd4 Nc6 16. Nxc6 Qxc6 17. Bxg4 Nxg4 18. Nf3 d4 19. Nxd4 Qxh1+ 20. Kd2 Rd8
21. Qe6+ Kf8 22. Qxg4 Qxh2+ 23. Ke3 h5 24. Qf3 Qe5+ 25. Kf2 Rxd4 26. cxd4 Qxd4+
27. Be3 Qxa1 28. Qxb7 Qxa2+ 29. Kf3 g5 30. Qc8+ Kg7 31. Qb7+ Qf7 32. Qe4 h4 33.
Bd4 h3 34. Kg4 Rh4+ 35. Kf5 Rxe4 0-1

[Event "Challenge"]
[Site "http://www.queenalice.com/game.php?id=87041"]
[Date "2006.7.17"]
[Round "-"]
[White "drcolle"]
[Black "Dougsnowball"]
[Result "0-1"]
[WhiteElo "855"]
[BlackElo "1229"]

1. d4 d5 2. Nf3 Nc6 3. e3 f6 4. c3 Bg4 5. Bd3 Bxf3 6. Qxf3 g5 7. O-O Qd6 8. Qh5+
Kd8 9. e4 Kc8 10. e5 fxe5 11. Bxg5 h6 12. Be3 e4 13. Qf5+ e6 14. Qxf8+ Qxf8 15.
Be2 Nf6 16. Nd2 Kd7 17. Rfe1 Qg7 0-1

[Event "Challenge"]
[Site "http://www.queenalice.com/game.php?id=93633"]
[Date "2006.8.7"]
[Round "-"]
[White "xmas"]
[Black "Dougsnowball"]
[Result "1-0"]
[WhiteElo "1302"]
[BlackElo "1231"]

1. e4 e5 2. Nf3 f6 3. d4 d5 4. Nc3 Bb4 5. Bd2 Bxc3 6. Bxc3 dxe4 7. Nd2 Bf5 8.
dxe5 fxe5 9. Bxe5 Nc6 10. Bxg7 Qg5 11. Bxh8 O-O-O 12. c3 Nge7 13. Bd4 Nxd4 14.
cxd4 Rxd4 15. Bb5 Qxg2 16. Rf1 Bg4 17. Qb3 Qxh2 18. Qe3 Rb4 19. a4 Nf5 20. Qg5
c6 21. Qg8+ Kc7 22. Qf7+ Kb6 23. Nc4+ Kc5 24. Qf8+ Kd5 25. Qxb4 Nd4 26. Qd6+
Qxd6 27. Nxd6 Kxd6 28. Bc4 Nc2+ 29. Kd2 Nxa1 30. Rxa1 h5 31. Rh1 a6 32. Re1 Ke5
33. b4 b5 34. Bb3 bxa4 35. Bxa4 Bd7 36. f3 h4 37. Rxe4+ Kd5 38. Rxh4 Be6 39. Kc3
Bf7 40. Rh6 Be8 41. Rh8 Bd7 42. Rd8 Kd6 43. f4 Kc7 44. Rh8 Kb6 45. Rh7 Bf5 46.
Rh6 Be4 47. Rh5 Bf3 48. Rh8 a5 49. bxa5+ Kxa5 50. Kb3 Bd5+ 51. Ka3 Bf3 52. f5 c5
53. f6 Bd5 54. Be8 c4 55. Rh5 1-0